Gençler için Safahat (Record no. 4215)

MARC details
000 -BAŞLIK
Sabit Uzunlukta Kontrol Alanı 00787na a2200289 4500
001 - KONTROL NUMARASI
Denetim Alanı 16022
003 - KONTROL NUMARASI IDENTIFIER
Denetim Alanı MIRAKIL
005 - SON İŞLEM TARİHİ VE ZAMANI
Denetim Alanı 20181213154957.0
008 - SABİT-BOY VERİ ELEMANLARI - GENEL BİLGİLER
Sabit Uzunlukta Kontrol Alanı 161013b tu 000 0
020 ## - ULUSLARARASI STANDART KİTAP NUMARASI
Uluslararası Standart Kitap Numarası 9786055304003
035 ## - SİSTEM KONTROL NUMARASI
Sistem Kontrol Numarası 16022
040 ## - KATALOGLAMA KAYNAK
Orijinal Kataloglama Ajansı Milas
Kataloglama Dili tur
Metne Dönüştürmek Ajansı TR-AnCHP
041 ## - DİL KODU
Metin / Ses Parça Veya Ayrı Başlığın Dil Kodu tur
082 ## - DEWEY ONLU SINIFLANDIRMA NUMARASI
Sınıflandırma Numarası 811.41
Ürün Numarası E67s 2012
090 ## - SINIFLAMA NUMARASI
Sınıflama Numarası 811.41 E67s 2012
100 ## - ANA GİRİŞ - KİŞİSEL İSİM
Kişisel Ad Ersoy, Mehmet Akif
Bir Adıyla İlişkilendirilen Tarihler 1873-1936
240 ## - ÜNİFORM BAŞLIK
Üniforma Başlık <a href="Safahat">Safahat</a>
245 ## - BAŞLIK TABLOSU
Başlık Gençler için Safahat
Sorumluluk Tablosu, Vb [Mehmet Akif Ersoy] ; [hazırlayan] Fatih Bayhan
260 ## - YAYIN, DAĞITIM, VB
Yayın, Dağıtım, Vb Yeri İstanbul
Yayıncı, Dağıtıcı, Vs Adı Paradoks
Yayın, Dağıtım, Vb Tarihi 2012
300 ## - FİZİKSEL TANIM
Kapsam 310 s.
Boyutlar 17 sm.
504 ## - KAYNAKÇA VB NOT
Kaynakça Vb Notu Kaynakça var.
600 ## - KONU KATMA GİRİŞ - KURUMSAL ADI
Kişisel Ad Ersoy, Mehmet Akif
Başlıklar Ve Bir Adla İlişkili Diğer Kelimeler İstiklal şairi
Bir Adıyla İlişkilendirilen Tarihler 1873-1936
650 ## - KONU KATMA GİRİŞ - TOPİKAL DÖNEM
Topikal Süreli Veya Coğrafi Ad Giriş Elemanı Safahat
650 ## - KONU KATMA GİRİŞ - TOPİKAL DÖNEM
Topikal Süreli Veya Coğrafi Ad Giriş Elemanı Türkçe şiir
700 ## - KATMA GİRİŞ - KİŞİSEL İSİM
Kişisel Ad Bayhan, Fatih
942 ## - EKLENDİ GİRİŞ ELEMANLARI (KOHA)
Sınıflandırma Veya Raf Düzeni Kaynak Dewey Decimal Classification
Koha Öğesi Türü Books
999 ## - SİSTEM KONTROL NUMARALARI (KOHA)
Koha Biblionumber 4215
Koha Biblioitemnumber 4215
Holdings
Kalıcı Konum Mevcut Konum Edinme Tarihi Edinim Kaynak Toplam Check-Out'Lar Tam Çağrı Numarası Barkod Tarih Son Görülme İtibaren Geçerli Fiyatlar Koha Öğesi Türü
CHP Kütüphanesi CHP Kütüphanesi 09/28/2016 Bağış   811.41 E67s 2012 004630 09/28/2016 09/28/2016 Books